Untersuchungen über die samenschädigende Wirkung der Stoffwechselprodkte von Staphylococcus aureus /

Bibliographic Details
Main Author: Meyer, Martha
Format: Book
Language:German
Published: Hannover : [publisher not identified], 1979.
Series:Hanover (City). Tierärztliche Hochschule. [Inaugural-Dissertation ; 1979, no. 70]

MARC

Tag First Indicator Second Indicator Subfields
LEADER 00000cam a2200000Ki 4500
001 in00004530376
005 20191205081712.0
008 800707s1979 gw b 000 0 ger
035 |a (OCoLC)ocm06491576 
035 |a (OCoLC)6491576 
035 |z (UtOrBLW)62400 
035 |a 89655 
040 |a AGL  |b eng  |c AGL  |d OCLCQ  |d UtOrBLW 
041 0 |a ger  |b eng 
049 |a TMVM 
072 0 |a L832 
072 0 |a L210 
100 1 |a Meyer, Martha. 
242 0 0 |a Investigation on the semen damaging effect of the metabolic products of Staphylococcus aureus.  |y eng 
245 1 0 |a Untersuchungen über die samenschädigende Wirkung der Stoffwechselprodkte von Staphylococcus aureus /  |c vorgelegt von Maratha Meyer. 
264 1 |a Hannover :  |b [publisher not identified],  |c 1979. 
300 |a 65 pages 
336 |a text  |2 rdacontent  |b txt 
337 |a unmediated  |2 rdamedia 
338 |a volume  |2 rdacarrier  |b nc 
490 0 |a Hanover (City). Tierärztliche Hochschule. [Inaugural-Dissertation ; 1979, no. 70] 
500 |a English summary. 
504 |a Includes bibliographical references (pages 54-65). 
999 |a MARS 
999 f f |s 9a9386d1-7d97-39d6-9595-77034943aea9  |i 1c66b629-74bd-30cc-b9d4-b913bb6e4ab3  |t 0 
952 f f |p preservation  |a Texas A&M University  |b J.J. Pickle Campus  |c High Density Repository  |d Remote Storage  |t 0  |e German dissertations  |h Other scheme  |i unmediated -- volume  |m 3238902449506 
998 f f |a German dissertations  |t 0  |l Remote Storage